00371nam a22001217a 4500040000800000082001800008100001800026245004100044260001200085942001200097999001900109952012100128 cDLC a891.4391bGHA aGhalib987234 aIntikhaab Qalam GhalibcMir Taqi Mir a?b?c? 2ddccBK c587485d587485 00102ddc4070aNITbNITd2021-12-31l2o891.4391 GHApNIT-7840q2024-06-14r2024-05-15s2024-05-15w2021-12-31yBK